000 02343nam a22005057a 4500
003 CHAP
005 20220329134456.0
008 971013s1981 mx r 00010 spa d
010 _a20916
011 _a21888
035 _a25979
040 _cCHAP
082 0 0 _a674.12
_bC4
100 0 0 _aCevallos Ferriz, Sergio.
_921660
245 1 _aBanco de información de estudios tecnológicos de maderas que vegetan en México
_b: Banco Xilotecnológico
260 _a(s.l.) ; Instituto Nacional de Investigaciones Forestales,
_c1981
300 _a4 v.
490 _aCatálogos
590 _aBATCH-UPD
_b10
_c20130110
_lUCH01
_h0333
590 _aBATCH-UPD
_b10
_c20130110
_lUCH01
_h1829
590 _aBATCH-UPD
_b10
_c20130410
_lUCH01
_h0006
590 _aBATCH-UPD
_b10
_c20130914
_lUCH01
_h0845
590 _aCONVERSION
_b10
_c20130109
_lUCH01
_h1312
650 1 4 _aMadera
_xIdentificación.
_969611
650 1 4 _aMadera
_xPropiedades y usos.
_969621
700 0 _aCarmona Valdovinos, Tomás Fernando.
_919047
830 0 _aCatálogos
_920526
901 _aBK
942 _cLIBRO
949 _a674.12 C4
_bBC
_cLIBRO
_d33724000140893
_eLIBRO
_fv.3 c.2
_h67813
_i25979
_si
949 _a674.12 C4
_bBC
_cLIBRO
_d33724000140901
_eLIBRO
_fv.4 c.5
_h63404
_i25979
_si
949 _a674.12 C4
_bBC
_cLIBRO
_d33724000141115
_eLIBRO
_fv.4 c.3
_h62358
_i25979
_si
949 _a674.12 C4
_bBC
_cLIBRO
_d33724000141123
_eLIBRO
_fv.4 c.4
_h61357
_i25979
_si
949 _a674.12 C4
_bBC
_cLIBRO
_d33724000149779
_eLIBRO
_fv.1
_h57651
_i25979
_si
949 _a674.12 C4
_bBC
_cLIBRO
_d33724000149787
_eLIBRO
_fv.1 c.2
_h57652
_i25979
_si
949 _a674.12 C4
_bBC
_cLIBRO
_d33724000149795
_eLIBRO
_fv.1 c.3
_h57653
_i25979
_si
949 _a674.12 C4
_bBC
_cLIBRO
_d33724000149803
_eLIBRO
_fv.1 c.4
_h67811
_i25979
_si
949 _a674.12 C4
_bBC
_cLIBRO
_d33724000149811
_eLIBRO
_fv.2
_h57654
_i25979
_si
949 _a674.12 C4
_bBC
_cLIBRO
_d33724000149829
_eLIBRO
_fv.2 c.2
_h57655
_i25979
_si
949 _a674.12 C4
_bBC
_cLIBRO
_d33724000149837
_eLIBRO
_fv.2 c.3
_h57656
_i25979
_si
949 _a674.12 C4
_bBC
_cLIBRO
_d33724000149845
_eLIBRO
_fv.3
_h57657
_i25979
_si
949 _a674.12 C4
_bBC
_cLIBRO
_d33724000149852
_eLIBRO
_fv.2 c.4
_h67812
_i25979
_si
949 _a674.12 C4
_bBC
_cLIBRO
_d33724000149860
_eLIBRO
_fv.4
_h58645
_i25979
_si
949 _a674.12 C4
_bBC
_cLIBRO
_d33724000149878
_eLIBRO
_fv.4 c.2
_h58646
_i25979
_si
999 _c20916
_d20916